| 000 | 00588nam a2200181Ia 4500 | ||
|---|---|---|---|
| 008 | 090124s9999 xx 000 0 und d | ||
| 082 | _b114509 | ||
| 100 | _aआपटे हरि नारायण | ||
| 245 | _a गड आला पण सिंह गेला | ||
| 250 | _a1 | ||
| 260 | _c1972 | ||
| 300 | _a160 | ||
| 600 | _aआपटे हरि नारायण | ||
| 630 | _a गड आला पण सिंह गेला | ||
| 700 | _aआपटे हरि नारायण | ||
| 730 | _a गड आला पण सिंह गेला | ||
| 942 | _cBOOK | ||
| 999 |
_c160600 _d160600 |
||